| 000 | 00873nam a2200265 i 4500 | ||
|---|---|---|---|
| 001 | bg | ||
| 003 | BPK | ||
| 005 | 20160224112246.0 | ||
| 008 | 071013s1972 pl a f f |000 0 pol | ||
| 015 | _aPB 1972/8042 | ||
| 040 |
_aWA N _cBPK |
||
| 080 | _a797.2.015 | ||
| 080 | _a(083.1) | ||
| 245 | 0 | 0 |
_aPływanie : _b(pływanie, piłka wodna, skoki do wody, ratowanie tonących) : poradnik metodyczny / _c[aut.] Dymitr Bogajewski [et al.]. |
| 260 |
_aWarszawa : _bWydawnictwo AWF, _c1971. |
||
| 300 |
_a302 s. : _bil., err. ; _c18 cm. |
||
| 504 | _aBibliogr. | ||
| 650 | 4 | _aPiłka wodna. | |
| 650 | 4 | _aPływanie. | |
| 650 | 4 | _aRatownictwo wodne. | |
| 650 | 4 | _aSkoki do wody. | |
| 700 | 1 | _aBogajewski, Dymitr. | |
| 856 |
_uhttp://koha.tu.koszalin.pl/cgi-bin/koha/opac-detail.pl?biblionumber=7431 _yKatalog online BPK |
||
| 942 |
_2UKD _cKS |
||
| 999 |
_c7431 _d7431 |
||